Normal view
MARC view
- Barnett,Ndorwu Alfred
Entry Personal Name
001 - CONTROL NUMBER
- control field: 131711
003 - CONTROL NUMBER IDENTIFIER
- control field: NUST
005 - DATE AND TIME OF LATEST TRANSACTION
- control field: 20251105161501.0
008 - FIXED-LENGTH DATA ELEMENTS
- fixed length control field: 251105|| aca||aabn | a|a d
040 ## - CATALOGING SOURCE
- Original cataloging agency: NUST
- Transcribing agency: NUST
100 ## - HEADING--PERSONAL NAME
- Personal name: Barnett,Ndorwu Alfred
670 ## - SOURCE DATA FOUND
- Source citation: Work cat.: (NUST): Barnett,Ndorwu Alfred, ECOSANITATION PRODUCTS AS EXPOSOMIC VECTOR – A STUDY OF MICROPOLLUTANTS AND THEIR IMPLICATIONS FOR HEALTH AND ENVIRONMENT/
